Special agencies in metropolitan Calcutta; (Record no. 84311)
[ view plain ]
| 000 -LEADER | |
|---|---|
| fixed length control field | 00990cam a2200277 4500 |
| 001 - CONTROL NUMBER | |
| control field | sa 68012108 |
| 003 - CONTROL NUMBER IDENTIFIER | |
| control field | DLC |
| 005 - DATE AND TIME OF LATEST TRANSACTION | |
| control field | 20260227112607.0 |
| 008 - FIXED-LENGTH DATA ELEMENTS--GENERAL INFORMATION | |
| fixed length control field | 691103s1967 ii ab b 000 0 eng |
| 010 ## - LIBRARY OF CONGRESS CONTROL NUMBER | |
| LC control number | sa 68012108 |
| 025 ## - OVERSEAS ACQUISITION NUMBER | |
| Overseas acquisition number | PL480:I-E-10305 |
| 040 ## - CATALOGING SOURCE | |
| Original cataloging agency | DLC |
| Transcribing agency | DLC |
| Modifying agency | DLC |
| 043 ## - GEOGRAPHIC AREA CODE | |
| Geographic area code | a-ii--- |
| 050 00 - LIBRARY OF CONGRESS CALL NUMBER | |
| Classification number | JS7052 |
| Item number | .G73 1967 |
| 082 00 - DEWEY DECIMAL CLASSIFICATION NUMBER | |
| Classification number | 352.054/14 |
| 100 1# - MAIN ENTRY--PERSONAL NAME | |
| Personal name | Green, Leslie, |
| Dates associated with a name | 1918- |
| 245 10 - TITLE STATEMENT | |
| Title | Special agencies in metropolitan Calcutta; |
| Remainder of title | a comparative study |
| Statement of responsibility, etc. | [by] Leslie Green and Abhijit Datta. |
| 260 ## - PUBLICATION, DISTRIBUTION, ETC. | |
| Place of publication, distribution, etc. | Bombay, |
| -- | New York, |
| Name of publisher, distributor, etc. | Published for the Institute of Public Administration, New York [by] Asia Pub. House |
| Date of publication, distribution, etc. | [1967] |
| 300 ## - PHYSICAL DESCRIPTION | |
| Extent | x, 141 p. |
| Other physical details | illus., maps. |
| Dimensions | 25 cm. |
| 350 ## - PRICE (NR) (BK AM CF MU VM SE) [OBSOLETE] | |
| Price | 20.00 |
| 440 #0 - SERIES STATEMENT/ADDED ENTRY--TITLE | |
| Title | Calcutta research studies, |
| Volume/sequential designation | no. 8 |
| 504 ## - BIBLIOGRAPHY, ETC. NOTE | |
| Bibliography, etc. note | Bibliographical footnotes. |
| 650 #0 - SUBJECT ADDED ENTRY--TOPICAL TERM | |
| Topical term or geographic name entry element | City planning |
| Geographic subdivision | India |
| -- | Kolkata Metropolitan Area. |
| 651 #0 - SUBJECT ADDED ENTRY--GEOGRAPHIC NAME | |
| Geographic name | Kolkata Metropolitan Area (India) |
| General subdivision | Politics and government. |
| 700 1# - ADDED ENTRY--PERSONAL NAME | |
| Personal name | Datta, Abhijit, |
| Relator term | joint author. |
No items available.